书目信息 |
| 题名: |
深入理解计算机系统(修订本)
|
|
| 作者: | 龚奕利 主编 | |
| 分册: | ||
| 出版信息: | 北京 中国电力 2004 |
|
| 页数: | 873 | |
| 开本: | 26cm | |
| 丛书名: | ||
| 单 册: | ||
| 中图分类: | TP3-05 | |
| 科图分类: | ||
| 主题词: | 计算技术 , 电子计算机 | |
| 电子资源: | ||
| ISBN: | 7-5083-2175-8 | |
| 000 | 00573nam0 2200193 450 | |
| 001 | 0737190390 | |
| 005 | 20070818101950.39 | |
| 010 | @a7-5083-2175-8@d¥85.00 | |
| 100 | @a20070818d km y0chiy0120 ea | |
| 101 | 0 | @achi |
| 200 | 1 | @a深入理解计算机系统(修订本)@Ashen ru li jie ji suan ji xi tong(xiu ding ben)@f龚奕利主编@Fgong yi li zhu bian |
| 210 | @a北京@c中国电力@d2004 | |
| 215 | @a873@d26cm | |
| 606 | 0 | @a计算技术 |
| 606 | 0 | @a电子计算机 |
| 690 | @aTP3-05@v3 | |
| 701 | 0 | @a龚奕利@Agong yi li@4主编 |
| 801 | 0 | @aCN@bPFT@c20070818 |
| 905 | @a213230@dTP3-05@eJ10GY@f1 | |
| 深入理解计算机系统(修订本)/龚奕利主编.-北京:中国电力,2004 |
| 873;26cm |
| ISBN 7-5083-2175-8:¥85.00 |
| ● |
| 相关链接 |
|
|
|
|
正题名:深入理解计算机系统(修订本)
索取号:TP3-05/J10GY
 
预约/预借
| 序号 | 登录号 | 条形码 | 馆藏地/架位号 | 状态 | 备注 |
| 1 | 6102071 | 261020718 | 密集书库—计算机科学学院/ [索取号:TP3-05/J10GY] | 在馆 |